000 006390000a22001930004500
999 _c54178
_d54178
001 768714001
003 CO-MdFUSB
005 20170814111445.0
008 170814s2001 xxu||||| |||| 00| 0 eng d
022 _a0098-9444
040 _aCO-MdFUSB
_bspa
_cCO-MdFUSB
_dCO-MdFUSB
041 _aeng
100 1 _aShanks, Hershel
_eautor
245 1 0 _aThe age of BAR :
_bscholars talk about how the field has changed
300 _aVolumen 27. Número 2 (2001), Páginas 21-35
_c28 cm.
546 _aTexto en inglés
773 0 _tBiblical Archaeology Review
_049395
_959469
_gVolumen 27. Número 2 (2001), Páginas 21-35
_qPágina 21
942 _cANA